000
00231nam a2200097Ia 4500
001
998411
005
20250826221542.0
008
250824s9999 xx 000 0 und d
245
0
_a
ÇALINAN MEKTUP
_c
EDGAR ALLAN POE
260
_b
KETEBE
999
_c
998411
_d
998411